Milana Vayntrub Filmography - Statistics

General Stats
  • This quiz has been taken 6 times
    3 since last reset
  • The average score is 3 of 81
Answer Stats
Type Year Name % Correct
Commercial 2013-2024 AT&T
67%
Film 2024 Bad Shabbos
33%
TV Show 2025 Going Dutch
33%
TV Show 2001, 2002 Lizzie McGuire
33%
Podcast 2022 Marvel's Squirrel Girl: The Unbeatable Radio Show
33%
Web Series 2024 Monster
33%
Film 2026 Project Hail Mary
33%
TV Show 2016-2017 This Is Us
33%
Film 2021 Werewolves Within
33%
Short Film 2010 6 Women
0%
Web Series 2013 Above Average Presents
0%
TV Show 2024-2025 After Midnight
0%
Film 2017 All Nighter
0%
Film 2013 Assassins Run
0%
Short Film 2013 B***hy Resting Face
0%
TV Show 2014 Californication
0%
Short Documentary TBA Can't Do Nothing VR: Refugees in Jordan
0%
Web Series 2025 Centaur Baby
0%
Web Series 2011-2014 CollegeHumor Originals
0%
Short Film 2013 CosmoNots
0%
Podcast 2024 Curious Matter Anthology
0%
Web Series 2019-2021 Dad
0%
Web Series 2012 Daddy Knows Best
0%
Web Series 2018 Dallas & Robo
0%
TV Show 1996 Days of Our Lives
0%
Web Series 2020 Die Hart
0%
Film 2023 Die Hart
0%
Web Series 2023 Dirty Laundry
0%
Web Series 2017 Drive Share
0%
TV Show 1995 ER
0%
Short Film 2012 Feather Weights
0%
TV Show 2013 Food Network Star
0%
Film 2016 Ghostbusters
0%
Film 2022 Give Me an A
0%
Short Film 2012 Give Up the Ghost
0%
Video Game 2022 God of War: Ragnarök
0%
TV Show 2014 House of Lies
0%
Music Video 2019 Hungry Child
0%
Short Film 2012 I Dunno
0%
Web Series 2018 I Love You, America
0%
Film 2008 Immigrants (L.A. Dolce Vita)
0%
Web Series 2013 Jake and Amir
0%
Film 2012 Junk
0%
TV Show 2013 Key and Peele
0%
Web Series 2019 Kingpin Katie
0%
Web Series 2013 Klaus
0%
Short Film 2015 Let's Do It
0%
Film 2011 Life Happens
0%
Short Film 2008 Life's Better with Baseball
0%
Web Series 2016 Lonely and Horny
0%
Web Series 2016 Love
0%
Web Mini-Series 2018-2019 Marvel Rising: Initiation
0%
TV Film 2018 Marvel Rising: Secret Warriors
0%
Video Game 2024 Marvel Rivals
0%
Short Film 2007 Men Are from Mars, Women Are from Earth
0%
TV Show 2015-2017 @midnight
0%
Film 2019 Mother's Little Helpers
0%
Short Film 2018 Moving Violation
0%
Short Film 2015 Normal Doors
0%
Web Series 2015 Other Space
0%
TV Film 2022 Out of Office
0%
Short Film 2023 Pickled Herring
0%
TV Show 2018, 2019, 2021 Robot Chicken
0%
Web Series 2012, 2013 Roommates Enemies
0%
TV Show 2014, 2016 Silicon Valley
0%
Short Film 2013 Sperm Bank
0%
Music Video 2011 Teenage Tide
0%
Web Series 2017 That Moment When
0%
Web Series 2013 The Clandestine
0%
TV Show 2004 The Division
0%
TV Show 2012 The League
0%
Film 2017 The Mad Ones
0%
Short Film 2019 The Shabbos Goy
0%
TV Film 2014 This Is Why You're Single
0%
Web Series 2017 Threads
0%
Short Film 2016 Tight Spot
0%
Documentary 2016 Tony Robbins: I Am Not Your Guru
0%
Short Documentary 2015 Wrestling Isn't Wrestling
0%
Music Video 2014 You Make Me
0%
Web Series 2019 You're Not a Monster
0%
TV Show 2013 Zach Stone Is Gonna Be Famous
0%
No matching quizzes found
Score Distribution
Percent of People with Each Score
Percentile by Number Answered
Your Score History
You have not taken this quiz since the last reset